000 00854cam a2200229 4500
001 449
005 20181127161523.0
008 990517s1997 uk ab b 001 0 eng d
020 _a090602644X
041 1 _aeng
_hger
245 0 0 _aBhutan :
_bmountain fortress of the gods /
_cgeneral editors, Christian Schicklgruber & Francoise Pommaret.
250 _a1st ed.
260 _aLondon :
_bSerindia Pub.,
_cc1997.
300 _a276 p. :
_bill. (some col.), maps (some col.) ;
_c31 cm.
500 _aTranslations from German by Stefan B. Polter.
504 _aIncludes bibliographical references (p. 265) and index.
651 0 _aBhutan
_xDescription and travel.
651 4 _aBhutan.
700 1 _aGersdorff, Ralph von.
700 1 _aPommaret, Francoise.
856 _a
_uhttp://www.himalayanlanguages.org/files/driem/pdfs/2002MountainFortress.pdf
_yBhutan
_z
_3
999 _c363
_d363